| 000 | 00862nam a22002417a 4500 | ||
|---|---|---|---|
| 003 | OSt | ||
| 005 | 20250829071858.0 | ||
| 008 | 250829b |||||||| |||| 00| 0 eng d | ||
| 020 | _a9781449688417 | ||
| 040 |
_aDWCL-Main lib _cOC |
||
| 082 |
_2 Fifth edition _aCirc. 303.4834 S757c 2014 |
||
| 100 | _a Richard A. Spinello | ||
| 245 |
_aCyberethics : _bmorality and law in cyberspace _c Richard A. Spinello |
||
| 250 | _aFifth edition | ||
| 260 |
_a Burlington, MA : _b Jones & Bartlett Learning, _c c2014. |
||
| 300 |
_a xii, 237 pages _b illustrations _c 23 cm. |
||
| 504 | _aIncludes bibliographical references | ||
| 650 | _a1. Internet--Moral and ethical aspects. | ||
| 650 | _a2. Cyberspace--Moral and ethical aspects. | ||
| 650 | _a3. Computers and civilizations. | ||
| 650 | _a4. Law and ethics. | ||
| 942 |
_2ddc _cBK-CIRC _eFifth edition _kCirc. _n0 |
||
| 999 |
_c4355 _d4355 |
||